Alicia Silverstone Filmography - Statistics

General Stats
  • This quiz has been taken 44 times
    11 since last reset
  • The average score is 24 of 102
Answer Stats
Type Year Name % Correct
Film 1995 Clueless
90%
Film 1997 Batman & Robin
60%
Film 1999 Blast from the Past
50%
Film 1997 Excess Baggage
50%
Film 1995 The Babysitter
50%
Film 2025 Bugonia
40%
Film 2017 Diary of a Wimpy Kid: The Long Haul
40%
Web Series 2025 Irish Blood
40%
Film 2004 Scooby-Doo 2: Monsters Unleashed
40%
Film 1993 The Crush
40%
Film 2017 The Killing of a Sacred Deer
40%
Film 2012 Vamps
40%
TV Show 2018 American Woman
30%
Film 2014 Angels in Stardust
30%
Film 2013 Ass Backwards
30%
Film 2005 Beauty Shop
30%
TV Show 2001-2003 Braceface
30%
Film 2011 Butter
30%
Film 2002 Global Heresy
30%
Film 2013 Gods Behaving Badly
30%
Film 1995 Hideaway
30%
Film 2014 Jungle Shuffle
30%
Film 2016 King Cobra
30%
Film 2021 Last Survivors
30%
Film 2000 Love's Labour's Lost
30%
TV Show 2003 Miss Match
30%
Film 2023 Mustache
30%
Film 1995 New World
30%
Film 2023 Perpetrator
30%
Film 2003 Scorched
30%
Film 2005 Silence Becomes You
30%
Film 2016 Space Dogs
30%
Film 2006 Stormbreaker
30%
TV Show 2012 Suburgatory
30%
Film 2011 The Art of Getting By
30%
Web Series 2020-2021 The Baby-Sitters Club
30%
Film 2019 The Lodge
30%
Film 2017 The Tribes of Palos Verdes
30%
TV Show 1992 The Wonder Years
30%
Film 2008 Tropic Thunder
30%
Film 1996 True Crime
30%
Film TBA Tunnels
30%
Film 2016 Who Gets the Dog?
30%
Music Video 1993 Amazing
20%
Web Series 2022 American Horror Stories
20%
Film 2025 A Merry Little Ex-Mas
20%
Film 2020 Bad Therapy
20%
TV Show 2019 Bajillion Dollar Propertie$
20%
Film 2018 Book Club
20%
Theater 2005 Boston Marriage
20%
TV Film 2006 Candles on Bay Street
20%
Theater 1993 Carol's Eve
20%
TV Show 2011 Childrens Hospital
20%
TV Film 1994 Cool and the Crazy
20%
Music Video 1994 Crazy
20%
Music Video 1993 Cryin'
20%
Music Video 2011 Fight for Your Right Revisited
20%
Documentary Series 2006 Getaway
20%
Film 2024 Gracie and Pedro: Pets to the Rescue
20%
Music Video 2009 Her Diamonds
20%
TV Pilot 2013 HR
20%
Short Film 2019 In the Time It Takes to Get There
20%
TV Show 2017 Jeff & Some Aliens
20%
Film 2024 Krazy House
20%
TV Show 2018 Lip Sync Battle
20%
TV Show 2015 Making a Scene with James Franco
20%
Web Series 2021 Masters of the Universe: Revelation
20%
Theater 2015 Of Good Stock
20%
TV Pilot 2006 Pink Collar
20%
Film 2025 Pretty Thing
20%
TV Pilot 2005 Queen B
20%
TV Show 1994 Rebel Highway
20%
Film 2023 Reptile
20%
TV Film 1993 Scattered Dreams: The Kathryn Messenger Story
20%
Film 2022 Senior Year
20%
Film 2020 Sister of the Groom
20%
Theater 2007 Speed-the-Plow
20%
TV Pilot 2008 The Bad Mother's Handbook
20%
Theater 2002 The Graduate
20%
Theater 2012 The Performers
20%
Film 2022 The Requin
20%
TV Pilot 2007 The Singles Table
20%
Theater 2009-2010 Time Stands Still
20%
TV Film 1993 Torch Song
20%
Film 2020 Valley Girl
20%
TV Documentary 1998 Wild!Life Adventures: Wildlife Vet
20%
Film 2024 Y2K
20%
Podcast 2020 Eat Sh*t Kenny Daniels
10%
Commercial 2023 Rakuten
10%
Short Documentary 2024 Voices of Hope ~ Words of Wisdom by Dr. Jane Goodall
10%
Documentary Series 2018 20/20
0%
Documentary Series 2001 E! True Hollywood Story
0%
Documentary 1998 Junket Whore
0%
TV Show 2023 Project Runway
0%
TV Show 2003 Punk'd
0%
Documentary Series TBA Revolutionary
0%
Short Documentary 2011 Save the Farm
0%
TV Show 1999, 2000 TFI Friday
0%
TV Show 2014 The Dr. Oz Show
0%
TV Special 2003-2014 The Kennedy Center Honors: A Celebration of the Performing Arts
0%
Film 2015 The Nutcracker Street
0%
TV Show 2000 Trackers
0%
No matching quizzes found
Score Distribution
Percent of People with Each Score
Percentile by Number Answered
Your Score History
You have not taken this quiz since the last reset